000 01687cam a2200337 i 4500
001 13352
005 20250929085649.0
008 790810s1979 mnua b 000 0 eng
010 _a 78062823
020 _a0030439264
020 _a9780030439261
035 _a4157183
040 _aDLC
_cDLC
_dDLC
_dBSULIB
050 0 0 _aBS546
_b.R87
082 0 0 _a268.6
_bRUS
100 1 _aRussell, Joseph P.
_925944
245 1 0 _aSharing our Biblical story :
_ba guide to using liturgical readings as the core of church and family education /
_cJoseph P. Russell.
260 _aMinneapolis :
_bWinston Press,
_c1979.
300 _a289 p. (p. 287-289 blank) :
_bill. ;
_c23 cm.
504 _aBibliography: p. 283-286.
505 _aThe religious educator as storyteller --An overview of the historical, literary, and theological development of the bible: implications for the religious educator --Sharing our story in the liturgy --How to design a parish religious education program based on the church's liturgy; three model programs --A commentary on the Eucharistic lectionary year A --A commentary on the Eucharistic lectionary year B --A commentary on the Eucharistic lectionary year C --A commentary on theSaints day and other holy days
630 0 0 _aBible
_xStudy and teaching.
_96851
630 0 0 _aBible
_xLiturgical use.
_925945
650 0 _aBible stories.
_925946
650 0 _aStorytelling
_xReligious aspects
_xChristianity.
_920456
650 0 _aChristian education
_xActivity programs.
_925947
650 0 _aChurch year.
_913442
906 _a7
_bcbc
_corignew
_d2
_eopcn
_f19
_gy-gencatlg
942 _2ddc
_cBK
999 _c13352
_d13352